[Event "Gatineau Commanditaires op"]
[Site "Gatineau CAN"]
[Date "2012.03.20"]
[Round "4"]
[White "Menard, Marc"]
[Black "Berthiaume, Patrick"]
[Result "1/2-1/2"]
[WhiteElo "1457"]
[BlackElo "1327"]
[PlyCount "110"]
[GameId "2160767909576170"]
[EventDate "2012.02.28"]
[EventType "swiss"]
[EventRounds "4"]
[EventCountry "CAN"]
[SourceTitle "EXT 2013"]
[Source "ChessBase"]
[SourceDate "2012.11.22"]
[SourceVersion "1"]
[SourceVersionDate "2012.11.22"]
[SourceQuality "1"]

1. Nf3 c5 2. d4 e6 3. g3 Nf6 4. Bg2 cxd4 5. Nxd4 Nc6 6. O-O Be7 7. Nc3 O-O 8. e4 d5 9. Re1 dxe4 10. Nxc6 bxc6 11. Nxe4 Qb6 12. c4 Rd8 13. Qc2 Ba6 14. Be3 Qc7 15. Bc5 Nxe4 16. Bxe7 Qxe7 17. Bxe4 g6 18. Rad1 Qc5 19. b3 f5 20. Bg2 e5 21. Qc3 Rd4 22. Qe3 Qd6 23. Rxd4 exd4 24. Qe6+ Qxe6 25. Rxe6 Rd8 26. Rxc6 Bb7 27. Re6 Kf7 28. Re1 Bxg2 29. Kxg2 Kf6 30. f4 a5 31. Kf3 h5 32. h4 a4 33. Rd1 axb3 34. axb3 Rb8 35. Rd3 Ke6 36. Ke2 Rb7 37. Kd2 Rd7 38. b4 Rb7 39. b5 Rd7 40. Kc2 Ke7 41. Kb3 Ke6 42. Kb4 Rd8 43. c5 Kd5 44. c6 Ra8 45. c7 Rc8 46. b6 Kc6 47. Rxd4 Kxb6 48. Rc4 Rxc7 49. Rxc7 Kxc7 50. Kc5 Kd7 51. Kd5 Ke7 52. Ke5 Kf7 53. Kd5 Ke7 54. Ke5 Kf7 55. Kd6 Kf6 1/2-1/2

[Event "Gatineau Commanditaires op"]
[Site "Gatineau CAN"]
[Date "2012.03.20"]
[Round "4"]
[White "Pilon, Robert"]
[Black "Scantland, Patrick"]
[Result "0-1"]
[WhiteElo "1499"]
[BlackElo "1713"]
[PlyCount "58"]
[GameId "2160767909576171"]
[EventDate "2012.02.28"]
[EventType "swiss"]
[EventRounds "4"]
[EventCountry "CAN"]
[SourceTitle "EXT 2013"]
[Source "ChessBase"]
[SourceDate "2012.11.22"]
[SourceVersion "1"]
[SourceVersionDate "2012.11.22"]
[SourceQuality "1"]

1. Nf3 Nf6 2. b3 g6 3. Bb2 Bg7 4. d4 d5 5. e3 O-O 6. Be2 c5 7. Nbd2 b6 8. c4 Bb7 9. O-O Nbd7 10. Rc1 Re8 11. cxd5 Bxd5 12. Bc4 cxd4 13. Bxd5 Nxd5 14. Bxd4 e5 15. Ba1 Nc5 16. e4 Nb4 17. a3 Nbd3 18. Rc2 a5 19. Qb1 Nf4 20. g3 Ne2+ 21. Kg2 Qd3 22. Ne1 Qd7 23. Nc4 Nd4 24. Rd2 Qc6 25. Bxd4 exd4 26. Nf3 Rxe4 27. Re1 Rxe1 28. Qxe1 Nxb3 29. Rc2 d3 0-1

[Event "Gatineau Commanditaires op"]
[Site "Gatineau CAN"]
[Date "2012.03.20"]
[Round "4"]
[White "Raymond, Robert"]
[Black "Traversy, Pierre"]
[Result "1-0"]
[WhiteElo "1451"]
[BlackElo "1096"]
[PlyCount "154"]
[GameId "2160767738434577"]
[EventDate "2012.02.28"]
[EventType "swiss"]
[EventRounds "4"]
[EventCountry "CAN"]
[SourceTitle "EXT 2013"]
[Source "ChessBase"]
[SourceDate "2012.11.22"]
[SourceVersion "1"]
[SourceVersionDate "2012.11.22"]
[SourceQuality "1"]

1. e4 c5 2. Nf3 Nc6 3. c3 e6 4. d4 cxd4 5. cxd4 g6 6. Nc3 a6 7. Be2 Bg7 8. O-O Nge7 9. Be3 d6 10. Qd2 O-O 11. Bh6 f6 12. Bxg7 Kxg7 13. Bd3 b5 14. a3 Bb7 15. Bc2 Na5 16. b3 Nac6 17. b4 Qc7 18. Bb3 e5 19. d5 Nd8 20. Rfc1 Qd7 21. Nh4 Nf7 22. f4 exf4 23. Qxf4 Ne5 24. Qg3 Qg4 25. Qxg4 Nxg4 26. h3 Ne5 27. Ne2 Bc8 28. Rf1 f5 29. Bc2 Bd7 30. Rac1 Rac8 31. Bb1 Rxc1 32. Nxc1 fxe4 33. Rxf8 Kxf8 34. Bxe4 Nf5 35. Nf3 Nxf3+ 36. Bxf3 Nd4 37. Be4 Kf7 38. Kf2 h5 39. Ke3 Nf5+ 40. Kf4 Kf6 41. g4 hxg4 42. hxg4 Nd4 43. g5+ Kf7 44. Ke3 Nf5+ 45. Kd3 Ng3 46. Bg2 Bf5+ 47. Ke3 Nh5 48. Nb3 Ng7 49. Na5 Ke7 50. Nc6+ Ke8 51. Nb8 Bc8 52. Be4 Kf7 53. Kf4 Ne8 54. Nc6 Ng7 55. Nd8+ Ke7 56. Nc6+ Kf7 57. Nd4 Nh5+ 58. Kf3 Ng7 59. Kg3 Nf5+ 60. Bxf5 gxf5 61. Kf4 Kg6 62. Nc6 Kf7 63. Nd4 Kg6 64. Nc6 Kf7 65. Nd4 Kg6 66. Ne6 Bb7 67. Nc7 Bc8 68. Ne6 Bb7 69. Nd4 Bxd5 70. Nxf5 Be6 71. Nxd6 Bc4 72. Ne8 Bd5 73. Nd6 Bc4 74. Ne4 Bb3 75. Nc5 Bc4 76. Nxa6 Kf7 77. Nc5 Ke7 {...()} 1-0

[Event "Gatineau Commanditaires op"]
[Site "Gatineau CAN"]
[Date "2012.03.20"]
[Round "4"]
[White "Rose, Richard1"]
[Black "Lemieux, Denis"]
[Result "0-1"]
[WhiteElo "1824"]
[BlackElo "1382"]
[PlyCount "70"]
[GameId "2160767909576172"]
[EventDate "2012.02.28"]
[EventType "swiss"]
[EventRounds "4"]
[EventCountry "CAN"]
[SourceTitle "EXT 2013"]
[Source "ChessBase"]
[SourceDate "2012.11.22"]
[SourceVersion "1"]
[SourceVersionDate "2012.11.22"]
[SourceQuality "1"]

1. e4 c6 2. d4 d5 3. exd5 cxd5 4. Nf3 e6 5. c4 dxc4 6. Bxc4 Nf6 7. Nc3 Be7 8. O-O O-O 9. Re1 Bb4 10. Bd2 Nbd7 11. a3 Bxc3 12. Bxc3 Nb6 13. Bb3 Nbd5 14. Bd2 b6 15. Bg5 Bb7 16. Qd3 h6 17. Bd2 Rc8 18. Rac1 Qd6 19. Ne5 Rxc1 20. Rxc1 Rc8 21. Rxc8+ Bxc8 22. Bc2 Qc7 23. Bb1 Bb7 24. Qg3 Kf8 25. h3 Nh5 26. Qh4 Nhf6 27. g4 Nd7 28. Nd3 N7f6 29. g5 Ng8 30. gxh6 gxh6 31. Bxh6+ Nxh6 32. Qxh6+ Ke8 33. Ne5 Qe7 34. Nxf7 Kxf7 35. Bg6+ Kg8 0-1

[Event "Gatineau Commanditaires op"]
[Site "Gatineau CAN"]
[Date "2012.03.20"]
[Round "4"]
[White "Simard, Paul"]
[Black "Jiang, Qizhe"]
[Result "0-1"]
[WhiteElo "1165"]
[BlackElo "1354"]
[PlyCount "128"]
[GameId "2160767909576173"]
[EventDate "2012.02.28"]
[EventType "swiss"]
[EventRounds "4"]
[EventCountry "CAN"]
[SourceTitle "EXT 2013"]
[Source "ChessBase"]
[SourceDate "2012.11.22"]
[SourceVersion "1"]
[SourceVersionDate "2012.11.22"]
[SourceQuality "1"]

1. e4 e5 2. Nf3 Nc6 3. d3 Nf6 4. g3 d5 5. exd5 Nxd5 6. Bg2 Be6 7. O-O Qd7 8. h3 Bxh3 9. Ng5 Bxg2 10. Kxg2 h6 11. Nf3 O-O-O 12. a3 f5 13. Nbd2 g5 14. Nc4 Bg7 15. Re1 Rde8 16. Bd2 f4 17. Bc3 Nxc3 18. bxc3 fxg3 19. fxg3 Qd5 20. Re4 Bf6 21. Qh1 h5 22. Qf1 Ref8 23. Qe2 g4 24. Nfxe5 Nxe5 25. Nxe5 Bxe5 26. d4 Bd6 27. Re1 Qg5 28. Qc4 Qd2+ 29. R4e2 Qg5 30. Qe6+ Kd8 31. c4 b6 32. a4 h4 33. Rf2 Rxf2+ 34. Kxf2 Bxg3+ 35. Kf1 Bxe1 36. Qxe1 Rf8+ 37. Kg1 g3 38. c5 g2 39. Kh2 Qg3+ 40. Qxg3 hxg3+ 41. Kxg2 bxc5 42. dxc5 Rf5 43. c6 Ra5 44. Kxg3 Rxa4 45. Kf3 Rd4 46. Ke3 Rd6 47. c4 Rxc6 48. Kd4 a5 49. Kd5 a4 50. c5 a3 51. Kxc6 a2 52. Kd5 a1=Q 53. Kc6 Qa6+ 54. Kd5 Kd7 55. Kd4 Qb5 56. Kd5 c6+ 57. Kd4 Ke6 58. Ke4 Qb4+ 59. Kd3 Ke5 60. Ke2 Qb3 61. Kd2 Ke4 62. Ke2 Qb2+ 63. Kf1 Kf3 64. Ke1 Qe2# 0-1

[Event "Gatineau Commanditaires op"]
[Site "Gatineau CAN"]
[Date "2012.03.20"]
[Round "4"]
[White "Villeneuve, Luc"]
[Black "Gagnon, Fabien"]
[Result "0-1"]
[WhiteElo "1601"]
[BlackElo "1984"]
[PlyCount "120"]
[GameId "2160767909576174"]
[EventDate "2012.02.28"]
[EventType "swiss"]
[EventRounds "4"]
[EventCountry "CAN"]
[SourceTitle "EXT 2013"]
[Source "ChessBase"]
[SourceDate "2012.11.22"]
[SourceVersion "1"]
[SourceVersionDate "2012.11.22"]
[SourceQuality "1"]

1. Nf3 c5 2. c4 e6 3. Nc3 d5 4. e3 Nc6 5. cxd5 exd5 6. d4 Nf6 7. h3 Bd6 8. Bd3 O-O 9. O-O Re8 10. Re1 a6 11. b3 b5 12. Bb2 cxd4 13. exd4 Rxe1+ 14. Qxe1 Qb6 15. Qd1 Bd7 16. Rc1 Re8 17. Ne2 Qd8 18. a3 Ne4 19. Nc3 Nf6 20. b4 Bb8 21. Qc2 Qc7 22. Ne2 Qd8 23. Qb3 Ne7 24. Ne5 Qb6 25. Nxd7 Nxd7 26. Qd1 Qd6 27. Ng3 Ng6 28. Qf3 Nf6 29. Bxg6 hxg6 30. Nf1 Ne4 31. g3 Re6 32. Rc8+ Kh7 33. Bc1 Rf6 34. Bf4 Qb6 35. Qg4 Bxf4 36. gxf4 Rf5 37. Ne3 Rh5 38. Qd7 Nf6 39. Qd8 Qxd8 40. Rxd8 Rxh3 41. Nxd5 Rxa3 42. Nc7 a5 43. Nxb5 Ra1+ 44. Kg2 axb4 45. d5 b3 46. Nc3 Rc1 47. Na4 Ra1 48. Nc3 b2 49. Rb8 Nxd5 50. Nxd5 b1=Q 51. Rxb1 Rxb1 52. Ne3 Kg8 53. Kf3 f6 54. f5 gxf5 55. Nxf5 Kf7 56. Ne3 Ke6 57. Ke4 Rb4+ 58. Kf3 f5 59. Nc2 Ra4 60. Ne3 Ke5 0-1

[Event "Gatineau LEO-A"]
[Site "Gatineau CAN"]
[Date "2012.04.10"]
[Round "1"]
[White "Guimond, Michel"]
[Black "Desjardins, Michel"]
[Result "0-1"]
[WhiteElo "1991"]
[BlackElo "1852"]
[PlyCount "84"]
[GameId "2160767909509729"]
[EventDate "2012.04.10"]
[EventType "tourn"]
[EventRounds "6"]
[EventCountry "CAN"]
[SourceTitle "EXT 2013"]
[Source "ChessBase"]
[SourceDate "2012.11.22"]
[SourceVersion "1"]
[SourceVersionDate "2012.11.22"]
[SourceQuality "1"]

1. e4 d5 2. e5 c5 3. c3 Bf5 4. g4 Be4 5. f3 Bg6 6. h4 h6 7. Nh3 e6 8. Nf4 Bh7 9. Na3 Nc6 10. Bb5 Qc7 11. Qe2 Nge7 12. d4 a6 13. Bd2 Nc8 14. Bxc6+ Qxc6 15. g5 Ne7 16. gxh6 g6 17. b4 Qa4 18. Nb1 Nf5 19. Qf2 cxb4 20. cxb4 Bxb4 21. Nc3 Qa3 22. Nfe2 Rc8 23. O-O O-O 24. Nb1 Qb2 25. Bxb4 Qxb4 26. a4 Rc2 27. Na3 Rd2 28. Rfb1 Qe7 29. Qe1 Rd3 30. Nc2 Rxf3 31. Rb4 Nxh4 32. Ra3 Rxa3 33. Qc1 Rf3 34. Ne1 Qxb4 35. Nxf3 Nxf3+ 36. Kf2 Qe1+ 37. Kxf3 Qxc1 38. Nxc1 Rc8 39. Nd3 Rc3 40. Ke2 Rxd3 41. Kxd3 g5+ 42. Ke3 b5 0-1

[Event "Gatineau LEO-A"]
[Site "Gatineau CAN"]
[Date "2012.04.10"]
[Round "1"]
[White "Libersan, Mattieu"]
[Black "Gagnon, Fabien"]
[Result "0-1"]
[WhiteElo "1860"]
[BlackElo "1975"]
[PlyCount "108"]
[GameId "2160767909509730"]
[EventDate "2012.04.10"]
[EventType "tourn"]
[EventRounds "6"]
[EventCountry "CAN"]
[SourceTitle "EXT 2013"]
[Source "ChessBase"]
[SourceDate "2012.11.22"]
[SourceVersion "1"]
[SourceVersionDate "2012.11.22"]
[SourceQuality "1"]

1. e4 Nf6 2. e5 Nd5 3. d4 d6 4. c4 Nb6 5. f4 dxe5 6. fxe5 Nc6 7. Be3 Bf5 8. Nc3 e6 9. Nf3 Qd7 10. d5 exd5 11. cxd5 Nb4 12. Nd4 N6xd5 13. Nxd5 Nxd5 14. Nxf5 O-O-O 15. Be2 Bb4+ 16. Bd2 Bxd2+ 17. Qxd2 Qxf5 18. O-O-O Qxe5 19. Bg4+ f5 20. Rhe1 Qf6 21. Bf3 Nb6 22. Qc2 g6 23. Kb1 Rxd1+ 24. Rxd1 Rd8 25. Rc1 c6 26. b4 Rd6 27. b5 Kc7 28. bxc6 bxc6 29. Qc5 Qd4 30. Qxd4 Rxd4 31. Rxc6+ Kd7 32. Rf6 Ke7 33. Rc6 Rc4 34. Rxc4 Nxc4 35. Kc2 Kd6 36. Kc3 Kc5 37. h4 Ne5 38. Bd1 Kd5 39. Kb4 Ke4 40. Kb5 Kf4 41. Ka6 Kg3 42. Kxa7 Kxg2 43. a4 f4 44. a5 Nc6+ 45. Kb6 Nxa5 46. Kxa5 f3 47. Kb5 f2 48. Be2 f1=Q 49. Bxf1+ Kxf1 50. Kc4 Kf2 51. Kd4 h5 52. Ke5 Kg3 53. Kf6 Kxh4 54. Kxg6 Kg4 0-1

[Event "Gatineau LEO-A"]
[Site "Gatineau CAN"]
[Date "2012.04.17"]
[Round "2"]
[White "Gagnon, Fabien"]
[Black "Desjardins, Michel"]
[Result "1/2-1/2"]
[WhiteElo "1975"]
[BlackElo "1852"]
[PlyCount "61"]
[GameId "2160767909509731"]
[EventDate "2012.04.10"]
[EventType "tourn"]
[EventRounds "6"]
[EventCountry "CAN"]
[SourceTitle "EXT 2013"]
[Source "ChessBase"]
[SourceDate "2012.11.22"]
[SourceVersion "1"]
[SourceVersionDate "2012.11.22"]
[SourceQuality "1"]

1. d4 d5 2. Nf3 Bf5 3. c4 e6 4. Nc3 Nc6 5. Bd2 Nf6 6. cxd5 exd5 7. g3 Bb4 8. Bg2 O-O 9. O-O Bxc3 10. Bxc3 h6 11. Qb3 Rb8 12. Ne5 Nxe5 13. dxe5 Ne4 14. Rfd1 c6 15. Bb4 Re8 16. Bxe4 Bxe4 17. Bd6 Rc8 18. Qxb7 Qb6 19. Qxb6 axb6 20. Rac1 Bf5 21. Rc3 Bd7 22. f4 h5 23. Kf2 g6 24. Rb3 b5 25. Bc5 Bf5 26. Rc1 Ra8 27. Ra3 Rxa3 28. Bxa3 Rc8 29. Ke3 Bd7 30. Kd4 Ra8 31. Bc5 1/2-1/2

[Event "Gatineau LEO-A"]
[Site "Gatineau CAN"]
[Date "2012.04.17"]
[Round "2"]
[White "Libersan, Mattieu"]
[Black "Guimond, Michel"]
[Result "1-0"]
[WhiteElo "1860"]
[BlackElo "1991"]
[PlyCount "65"]
[GameId "2160767909509732"]
[EventDate "2012.04.10"]
[EventType "tourn"]
[EventRounds "6"]
[EventCountry "CAN"]
[SourceTitle "EXT 2013"]
[Source "ChessBase"]
[SourceDate "2012.11.22"]
[SourceVersion "1"]
[SourceVersionDate "2012.11.22"]
[SourceQuality "1"]

1. e4 e6 2. d3 d5 3. Qe2 d4 4. g3 e5 5. Bg2 g5 6. Nf3 f6 7. Nxe5 fxe5 8. Qh5+ Kd7 9. Bxg5 Be7 10. Qf7 c6 11. Nd2 Qf8 12. Qxf8 Bxf8 13. Nc4 Bg7 14. Bh3+ Kc7 15. Bxc8 Kxc8 16. Nd6+ Kd7 17. Nf7 h6 18. Nxh8 Bxh8 19. Bd2 Ke6 20. f4 Nd7 21. f5+ Kf7 22. O-O-O Ndf6 23. h3 b5 24. g4 Nh7 25. Rdg1 Bf6 26. h4 Bxh4 27. Rxh4 Ng5 28. Bxg5 hxg5 29. Rh7+ Kf6 30. Rgh1 Re8 31. Rxa7 Ne7 32. Rh6+ Kf7 33. f6 1-0

[Event "Gatineau LEO-A"]
[Site "Gatineau CAN"]
[Date "2012.04.24"]
[Round "3"]
[White "Desjardins, Michel"]
[Black "Libersan, Mattieu"]
[Result "1/2-1/2"]
[WhiteElo "1852"]
[BlackElo "1860"]
[PlyCount "69"]
[GameId "2160767909509733"]
[EventDate "2012.04.10"]
[EventType "tourn"]
[EventRounds "6"]
[EventCountry "CAN"]
[SourceTitle "EXT 2013"]
[Source "ChessBase"]
[SourceDate "2012.11.22"]
[SourceVersion "1"]
[SourceVersionDate "2012.11.22"]
[SourceQuality "1"]

1. e4 e5 2. Nc3 Nf6 3. Bc4 Nc6 4. d3 Bb4 5. Nge2 d5 6. exd5 Nxd5 7. Bd2 Be6 8. O-O O-O 9. Bb3 Nxc3 10. bxc3 Bxb3 11. axb3 Bd6 12. Ng3 f5 13. Ra4 a5 14. Qe2 b5 15. Ra2 a4 16. Rfa1 Qd7 17. d4 exd4 18. Qxb5 f4 19. Ne4 f3 20. gxf3 Rxf3 21. Qd5+ Kh8 22. Ng3 Raf8 23. Rxa4 Rxf2 24. Ra8 Ne5 25. Rxf8+ Rxf8 26. Ra8 Re8 27. Rxe8+ Qxe8 28. cxd4 Ng4 29. Qf3 Nf6 30. Kg2 h6 31. Bxh6 Qg6 32. Be3 Qxc2+ 33. Bf2 Bb4 34. Qf5 Qxb3 35. Qc8+ 1/2-1/2

[Event "Gatineau LEO-A"]
[Site "Gatineau CAN"]
[Date "2012.04.24"]
[Round "3"]
[White "Guimond, Michel"]
[Black "Gagnon, Fabien"]
[Result "0-1"]
[WhiteElo "1991"]
[BlackElo "1975"]
[PlyCount "88"]
[GameId "2160767909509734"]
[EventDate "2012.04.10"]
[EventType "tourn"]
[EventRounds "6"]
[EventCountry "CAN"]
[SourceTitle "EXT 2013"]
[Source "ChessBase"]
[SourceDate "2012.11.22"]
[SourceVersion "1"]
[SourceVersionDate "2012.11.22"]
[SourceQuality "1"]

1. e4 c5 2. Nf3 Nc6 3. d4 cxd4 4. Nxd4 g6 5. c3 Bg7 6. Be3 Nf6 7. Nxc6 bxc6 8. Bd4 O-O 9. f3 d5 10. Nd2 Qc7 11. Bd3 e5 12. Bc5 Re8 13. Qc2 a5 14. O-O Ba6 15. Bxa6 Rxa6 16. Rad1 Raa8 17. Nb3 a4 18. Nc1 Qb7 19. h3 Qb5 20. Be3 Rad8 21. Ne2 Rd7 22. h4 Red8 23. exd5 cxd5 24. f4 Ng4 25. Bf2 Nxf2 26. Rxf2 d4 27. cxd4 exd4 28. Rd3 Qa5 29. Qd1 Qb5 30. Ng3 Re8 31. Nf1 Rde7 32. g4 Re1 33. Qd2 Qd7 34. f5 Qe7 35. g5 gxf5 36. Rxf5 Re2 37. Qf4 Rxb2 38. Rf3 Qe2 39. Qg4 Re4 40. Qg3 d3 41. Rxf7 Bd4+ 42. Kh1 Rxh4+ 43. Nh2 Rxh2+ 44. Qxh2 Qxh2# 0-1

[Event "Gatineau LEO-A"]
[Site "Gatineau CAN"]
[Date "2012.05.01"]
[Round "4"]
[White "Gagnon, Fabien"]
[Black "Libersan, Mattieu"]
[Result "1/2-1/2"]
[WhiteElo "1975"]
[BlackElo "1860"]
[PlyCount "88"]
[GameId "2160767909509735"]
[EventDate "2012.04.10"]
[EventType "tourn"]
[EventRounds "6"]
[EventCountry "CAN"]
[SourceTitle "EXT 2013"]
[Source "ChessBase"]
[SourceDate "2012.11.22"]
[SourceVersion "1"]
[SourceVersionDate "2012.11.22"]
[SourceQuality "1"]

1. c4 Nf6 2. g3 e6 3. Bg2 d5 4. Nf3 Be7 5. b3 O-O 6. O-O Bd7 7. Bb2 dxc4 8. bxc4 Bc6 9. d3 Bxf3 10. Bxf3 c6 11. Nd2 Nbd7 12. Nb3 a5 13. Bc3 a4 14. Nd2 Qc7 15. Rb1 Rfd8 16. Qc2 h5 17. Ne4 Nxe4 18. Bxe4 Nf6 19. Bf3 h4 20. Qb2 hxg3 21. hxg3 Rd7 22. Be5 Bd6 23. Bxd6 Qxd6 24. Qc3 Nh7 25. Rb6 Ng5 26. Bg2 f5 27. Qb4 Qxb4 28. Rxb4 e5 29. Rfb1 Ra7 30. Kf1 e4 31. dxe4 Nxe4 32. Bxe4 fxe4 33. Ke1 Kf7 34. Rd1 Rxd1+ 35. Kxd1 Ke6 36. Kd2 Kd6 37. a3 Kc5 38. Ke3 b5 39. cxb5 cxb5 40. Kxe4 Rd7 41. Rb1 Kc4 42. Rb4+ Kc5 43. Rb1 Kc4 44. Rb4+ Kc5 1/2-1/2

[Event "Gatineau LEO-A"]
[Site "Gatineau CAN"]
[Date "2012.05.10"]
[Round "5"]
[White "Gagnon, Fabien"]
[Black "Guimond, Michel"]
[Result "1/2-1/2"]
[WhiteElo "1975"]
[BlackElo "1991"]
[PlyCount "67"]
[GameId "2160767909509736"]
[EventDate "2012.04.10"]
[EventType "tourn"]
[EventRounds "6"]
[EventCountry "CAN"]
[SourceTitle "EXT 2013"]
[Source "ChessBase"]
[SourceDate "2012.11.22"]
[SourceVersion "1"]
[SourceVersionDate "2012.11.22"]
[SourceQuality "1"]

1. c4 e5 2. g3 d6 3. Bg2 Nf6 4. Nc3 c5 5. e3 Nc6 6. a3 g6 7. Nge2 Bg7 8. O-O O-O 9. d4 exd4 10. exd4 Bf5 11. dxc5 dxc5 12. Be3 Na5 13. Bxc5 Re8 14. b4 b6 15. bxa5 bxc5 16. Qxd8 Raxd8 17. Rfd1 Ng4 18. Bd5 Rb8 19. Ra2 Rb3 20. Nb5 Nf6 21. Nd6 Reb8 22. Bxf7+ Kf8 23. Nxf5 gxf5 24. Bd5 Rb1 25. Rxb1 Rxb1+ 26. Kg2 Nxd5 27. cxd5 Rd1 28. Rc2 Rxd5 29. Nf4 Re5 30. Rxc5 Rxc5 31. Ne6+ Ke7 32. Nxc5 Kd6 33. Nd3 Bc3 34. Kf3 1/2-1/2

[Event "Gatineau LEO-A"]
[Site "Gatineau CAN"]
[Date "2012.05.12"]
[Round "6"]
[White "Guimond, Michel"]
[Black "Libersan, Mattieu"]
[Result "1/2-1/2"]
[WhiteElo "1991"]
[BlackElo "1860"]
[PlyCount "59"]
[GameId "2160767909509737"]
[EventDate "2012.04.10"]
[EventType "tourn"]
[EventRounds "6"]
[EventCountry "CAN"]
[SourceTitle "EXT 2013"]
[Source "ChessBase"]
[SourceDate "2012.11.22"]
[SourceVersion "1"]
[SourceVersionDate "2012.11.22"]
[SourceQuality "1"]

1. e4 c5 2. Nf3 Nc6 3. Bb5 g6 4. c3 Bg7 5. O-O Nf6 6. Re1 O-O 7. h3 a6 8. Ba4 b5 9. Bc2 Bb7 10. d3 d6 11. Be3 Rc8 12. Nbd2 e5 13. Nf1 Nh5 14. Qd2 f5 15. exf5 gxf5 16. Bh6 Qf6 17. Bxg7 Qxg7 18. Qg5 Nf4 19. Bb3+ Kh8 20. Qxg7+ Kxg7 21. Rad1 Na5 22. Kh2 Nxb3 23. axb3 Bxf3 24. gxf3 Rf6 25. Ne3 Rcf8 26. Ng2 Nxg2 27. Kxg2 Rg6+ 28. Kh2 Kf6 29. Rg1 Rfg8 30. Rg3 1/2-1/2

[Event "Gatineau LEO-B"]
[Site "Gatineau CAN"]
[Date "2012.04.10"]
[Round "1"]
[White "Arsenault, Yves"]
[Black "Legare, Gilles"]
[Result "1-0"]
[WhiteElo "1594"]
[BlackElo "1099"]
[PlyCount "83"]
[GameId "2160767909509738"]
[EventDate "2012.04.10"]
[EventType "swiss"]
[EventRounds "6"]
[EventCountry "CAN"]
[SourceTitle "EXT 2013"]
[Source "ChessBase"]
[SourceDate "2012.11.22"]
[SourceVersion "1"]
[SourceVersionDate "2012.11.22"]
[SourceQuality "1"]

1. e4 e6 2. d4 d5 3. Nd2 c5 4. c3 Nc6 5. Ngf3 Be7 6. Bd3 c4 7. Bb1 b5 8. O-O b4 9. Re1 Bd7 10. exd5 exd5 11. Ne5 Nf6 12. Nxd7 Qxd7 13. Qf3 O-O 14. Bf5 Qc7 15. Nf1 g6 16. Bc2 Rfe8 17. Bf4 Bd6 18. Bg5 Nh5 19. Qxd5 Bf4 20. Bxf4 Nxf4 21. Qf3 Rxe1 22. Rxe1 Rf8 23. Ne3 Nd8 24. Ng4 Nde6 25. Nf6+ Kg7 26. Ne4 h6 27. g3 Nh3+ 28. Kf1 Nhg5 29. Qf6+ Kg8 30. d5 Nh7 31. Qh4 Ng7 32. Qxh6 Qe5 33. d6 Nf5 34. Qd2 Nh4 35. gxh4 Qxh2 36. Ke2 Qxh4 37. Kd1 Nf6 38. Nxf6+ Qxf6 39. Kc1 Qd8 40. Rh1 Qa5 41. Qh6 Qe5 42. Qh7# 1-0

[Event "Gatineau LEO-B"]
[Site "Gatineau CAN"]
[Date "2012.04.10"]
[Round "1"]
[White "Berthiaume, Serge"]
[Black "Dagenais, Benoit"]
[Result "0-1"]
[WhiteElo "1387"]
[BlackElo "1700"]
[PlyCount "42"]
[GameId "2160767909509745"]
[EventDate "2012.04.10"]
[EventType "swiss"]
[EventRounds "6"]
[EventCountry "CAN"]
[SourceTitle "EXT 2013"]
[Source "ChessBase"]
[SourceDate "2012.11.22"]
[SourceVersion "1"]
[SourceVersionDate "2012.11.22"]
[SourceQuality "1"]

1. e4 Nf6 2. e5 Nd5 3. d4 c5 4. Bc4 Nb6 5. Bxf7+ Kxf7 6. d5 g6 7. b3 Bg7 8. Bb2 e6 9. Qf3+ Ke8 10. d6 Nc6 11. Nd2 Bxe5 12. Bxe5 Nxe5 13. Qe4 Qf6 14. O-O-O Nd5 15. Ne2 Nf7 16. Kb1 Nxd6 17. Qd3 Qf5 18. Qg3 Nf7 19. Nc3 Nxc3+ 20. Qxc3 Rg8 21. Qxc5 Qxc5 0-1

[Event "Gatineau LEO-B"]
[Site "Gatineau CAN"]
[Date "2012.04.10"]
[Round "1"]
[White "Corrigan, Paul"]
[Black "Danilov, Alex"]
[Result "0-1"]
[WhiteElo "1308"]
[BlackElo "1680"]
[PlyCount "58"]
[GameId "2160767909509746"]
[EventDate "2012.04.10"]
[EventType "swiss"]
[EventRounds "6"]
[EventCountry "CAN"]
[SourceTitle "EXT 2013"]
[Source "ChessBase"]
[SourceDate "2012.11.22"]
[SourceVersion "1"]
[SourceVersionDate "2012.11.22"]
[SourceQuality "1"]

1. e4 c5 2. Nf3 e6 3. e5 Nc6 4. d4 cxd4 5. Nxd4 Nxe5 6. Bb5 a6 7. Ba4 b5 8. Bb3 Bb7 9. O-O Nf6 10. Bg5 Be7 11. Nc3 Qc7 12. Qe2 Neg4 13. g3 O-O 14. Bxf6 Nxf6 15. Rad1 d5 16. a4 b4 17. Na2 Ne4 18. c3 bxc3 19. Rc1 Qb6 20. bxc3 Rab8 21. Rfd1 Rfe8 22. Rb1 Qc7 23. c4 dxc4 24. Bxc4 Ng5 25. Nb4 e5 26. Bxa6 exd4 27. Bxb7 Qxb7 28. Nd3 Nh3+ 29. Kf1 Qh1# 0-1

[Event "Gatineau LEO-B"]
[Site "Gatineau CAN"]
[Date "2012.04.10"]
[Round "1"]
[White "Godbout, Alain J"]
[Black "Scantland, Patrick"]
[Result "0-1"]
[WhiteElo "1460"]
[BlackElo "1795"]
[PlyCount "40"]
[GameId "2160767909509747"]
[EventDate "2012.04.10"]
[EventType "swiss"]
[EventRounds "6"]
[EventCountry "CAN"]
[SourceTitle "EXT 2013"]
[Source "ChessBase"]
[SourceDate "2012.11.22"]
[SourceVersion "1"]
[SourceVersionDate "2012.11.22"]
[SourceQuality "1"]

1. d4 d5 2. c4 e6 3. Nc3 c5 4. Nf3 Nc6 5. cxd5 exd5 6. Bg5 Be7 7. Bxe7 Ngxe7 8. dxc5 Bf5 9. a3 d4 10. Nb5 Qa5+ 11. b4 Qxb5 12. e3 d3 13. Nd4 Nxd4 14. exd4 O-O 15. Qf3 Rfe8 16. Kd2 Rad8 17. Kc3 Nd5+ 18. Kd2 Qc4 19. Bxd3 Qc3+ 20. Kd1 Qxa1+ 0-1

[Event "Gatineau LEO-B"]
[Site "Gatineau CAN"]
[Date "2012.04.10"]
[Round "1"]
[White "Lavergne, Daniel"]
[Black "Morones, Oliver"]
[Result "1-0"]
[WhiteElo "1671"]
[BlackElo "1258"]
[PlyCount "59"]
[GameId "2160767909509748"]
[EventDate "2012.04.10"]
[EventType "swiss"]
[EventRounds "6"]
[EventCountry "CAN"]
[SourceTitle "EXT 2013"]
[Source "ChessBase"]
[SourceDate "2012.11.22"]
[SourceVersion "1"]
[SourceVersionDate "2012.11.22"]
[SourceQuality "1"]

1. d4 d6 2. c4 e6 3. Nc3 a6 4. e4 h6 5. Nf3 Bd7 6. Be2 g6 7. Be3 Bg7 8. Qc2 Qe7 9. O-O Nf6 10. h3 Nc6 11. a3 h5 12. Bg5 Bh6 13. Bxh6 Rxh6 14. Rad1 Nh7 15. d5 Ne5 16. Nd4 g5 17. Qc1 Qf6 18. Qe3 O-O-O 19. b4 g4 20. f4 Ng6 21. f5 Ne5 22. fxe6 Qg7 23. exd7+ Nxd7 24. Nf5 Qe5 25. Nxh6 Rg8 26. Nxg8 gxh3 27. Rf5 Qg7 28. Ne7+ Kb8 29. Qxh3 Nhf6 30. Rdf1 1-0